000 00529nam a2200193Ia 4500
001 9610
008 140327s9999 xx 000 0 und d
020 _a0-13-072307-x
040 _cPK-LaUMT
082 _a 657.078
_bFUH-B
100 _aBuck, Gregory F., J.T.
245 4 _aThe bedford practice sets
_cBuck, Gregory F., J.T.<>Fuhrman, Peter H.
260 _aEnglwood Cliffs,USA:
_bPrentice-Hall,
_c1990
300 _a256 p.
546 _aEN
650 _aComparative accounting
700 _aFuhrman, Peter H.
942 _cBK
999 _c10722
_d10722